LIBRARY ONLINE CATALOGUE

AIDS in Kenya : (Record no. 12948)

MARC details
000 -LEADER
fixed length control field 00604nam a22002052 4500
001 - CONTROL NUMBER
control field 0000005032
005 - DATE AND TIME OF LATEST TRANSACTION
control field 20151217155826.0
008 - FIXED-LENGTH DATA ELEMENTS--GENERAL INFORMATION
fixed length control field 070605s xx 000 0 eng d
040 ## - CATALOGING SOURCE
Original cataloging agency KABU
Transcribing agency KABU
050 #0 - LIBRARY OF CONGRESS CALL NUMBER
Classification number RA644
Item number .A25K46 2005
110 2# - MAIN ENTRY--CORPORATE NAME
Corporate name or jurisdiction name as entry element Kenya.
Subordinate unit Ministry of Health.
-- 0000156093
245 10 - TITLE STATEMENT
Title AIDS in Kenya :
Remainder of title trends, interventions and impact.
250 ## - EDITION STATEMENT
Edition statement 7th ed.
260 ## - PUBLICATION, DISTRIBUTION, ETC. (IMPRINT)
Place of publication, distribution, etc. Nairobi :
Name of publisher, distributor, etc. Ministry of Health,
Date of publication, distribution, etc. 2005.
300 ## - PHYSICAL DESCRIPTION
Extent viii, 96 p.
650 #0 - SUBJECT ADDED ENTRY--TOPICAL TERM
Topical term or geographic name as entry element AIDS (Disease)
-- 0000148458
908 ## - PUT COMMAND PARAMETER (RLIN)
Put command parameter 070605
950 ## - LOCAL HOLDINGS (RLIN)
-- 1
Holdings
Withdrawn status Lost status Source of classification or shelving scheme Not for loan Home library Current library Date acquired Total Checkouts Full call number Barcode Date last seen Price effective from Koha item type
    Library of Congress Classification   Kabarak, Main Campus Kabarak, Main Campus 17/12/2015   RA644 .A25K46 2005 c. 1 003963 28/06/2016 17/12/2015 Africana Collection